| 000 | 00755cam a22002531 4500 | ||
|---|---|---|---|
| 001 | sa 63002129 | ||
| 003 | DLC | ||
| 005 | 20260227111932.0 | ||
| 008 | 810304m19539999ii 001 0 eng | ||
| 010 | _asa 63002129 | ||
| 020 | _a9788185170473 (v. 9) | ||
| 020 | _a9788185170480 (v. 10) | ||
| 035 | _a(OCoLC)7190226 | ||
| 040 |
_aDLC _cMnU _dDLC |
||
| 042 | _apcc | ||
| 050 | 0 | 0 |
_aPK531 _b.S9 |
| 100 | 1 |
_aSubrahmanya Sastri, P. S., _d1890-1978. |
|
| 245 | 1 | 0 | _aLectures on Patañjali's Mahābhāṣya. |
| 260 |
_aThiruvaiyaru, _c1953-<2011> |
||
| 260 | 3 |
_3v. 7- _aChennai : _bKuppuswami Sastri Research |
|
| 300 |
_av. < 1-6, 9-10> _c26 cm. |
||
| 505 | 1 | _av. 9 (āhnikas 42-47) -- v. 10 (āhnikas 48-56) | |
| 600 | 0 | 0 |
_aPatañjali. _tMahābhāṣya. |
| 999 |
_c54344 _d54344 |
||